000 00740nam a2200253 a 4500
001 59096
003 BD-RjUL
005 20211209080708.0
008 161221s2002 nyu||||| |||| 00| 0 eng d
020 _a0393977455
035 _a(BD-RjUL)59220
040 _aBD-RjUL
_beng
_cBD-RjUL
_dBD-RjUL
041 _aeng
082 _223
_a338.9
_bJOI 2002
100 1 _aJone, Charles I.
_9175747
245 1 0 _aIntroduction to economic growth /
_c Charles I. Jone
250 _a2nd ed.
260 _aNew York :
_bW.W. Norton,
_c©2002
300 _axiv, 237 p. :
_bill. ;
_c24 cm
504 _aIncludes Bibliographical References and Index
650 _aEconomic development
_9170469
650 _aEconomic indicators
_9175063
942 _2ddc
_cBK
999 _c59096
_d59096